Statistics for David Fincher movies

Click here to take the quiz!

General Stats

  • This quiz has been taken 140 times
  • The average score is 7 of 11

Answer Stats

Movie% Correct
1999Fight Club
94%
1995Seven
91%
2014Gone Girl
77%
2010The Social Network
73%
2007Zodiac
69%
1992Alien 3
68%
1997The Game
67%
2011The Girl with the Dragon Tattoo
66%
2002Panic Room
65%
2008The Curious Case of Benjamin Button
65%
2001The Hire
6%

Score Distribution

Percentile by Number Answered

Percent of People with Each Score

Your Score History

You have not taken this quiz